| 000 | 00581nam a2200181Ia 4500 | ||
|---|---|---|---|
| 003 | GCL | ||
| 008 | 140319s9999 xx 000 0 ara d | ||
| 040 |
_aGCL / _cGCL |
||
| 082 | 0 | 4 |
_a341 _bم م |
| 100 | 1 | _aمحمد اسماعيل على | |
| 245 | 1 | 0 |
_aمن لوكيربى الى طرابلس / _cمحمد اسماعيل على |
| 260 |
_a[S.N] : _bدار الحرية للصحافة والطباعة والنشر ، _c1993 |
||
| 300 | _a189 ص | ||
| 490 |
_aكتاب الحرية _v0 |
||
| 650 | 0 | 4 | _aالقانون |
| 650 | 0 | 4 | _aالقانون الدولى |
| 942 |
_2ddc _cBK |
||
| 999 |
_c46651 _d46651 |
||